Ekonomické a sociální aspekty transformace zdravotní politiky v kontextu mezinárodních změn a globálního vývoje v oblasti zdravotní politiky a ekonomiky zdraví

Špecifiká transformácie zdravotníctva v Českej republike Chyby v ponovembrovej koncepcii zdravotnej politiky. Vývoj celkových výdavkov na zdravotníctvo v ČR. Systémy zdravotnej starostlivosti v transformujúcich sa ekonomikách. Vývoj príjmov a výdavkov v systémoch zdravotnej starostlivosti. Snaha o p...

Descrizione completa

Salvato in:
Dettagli Bibliografici
Autore principale: Durdisová, Jaroslava
Altri autori: Mertl, Jan
Natura: Capitolo di libro
Lingua:ceco
Soggetti:
Tags: Aggiungi Tag
Nessun Tag, puoi essere il primo ad aggiungerne!!

MARC

LEADER 00000naa$a2200000$$$4500
001 0020724
005 20231114081349.2
041 0 |a cze 
044 |a CZ 
245 1 0 |a Ekonomické a sociální aspekty transformace zdravotní politiky v kontextu mezinárodních změn a globálního vývoje v oblasti zdravotní politiky a ekonomiky zdraví  |c Jaroslava Durdisová, Jan Mertl 
520 |a Špecifiká transformácie zdravotníctva v Českej republike Chyby v ponovembrovej koncepcii zdravotnej politiky. Vývoj celkových výdavkov na zdravotníctvo v ČR. Systémy zdravotnej starostlivosti v transformujúcich sa ekonomikách. Vývoj príjmov a výdavkov v systémoch zdravotnej starostlivosti. Snaha o posilnenie individuálnej zodpovednosti pacientov. Úloha štátu. 
610 2 0 |a zdravotníctvo 
610 2 0 |a ochrana zdravia 
610 2 0 |a politika sociálna 
610 2 0 |a globalizácia 
610 2 0 |a Česko 
610 2 0 |a krajiny tranzitívne 
610 2 0 |a výdavky verejné 
610 2 0 |a starostlivosť o zdravie 
100 1 |a Durdisová, Jaroslava 
700 1 |a Mertl, Jan